10 Most Common FIFA World Cup Match Results of All Time - Statistics

General Stats
  • This quiz has been taken 1,085 times
  • The average score is 7 of 10
Answer Stats
Matches Answer % Correct
157 1 - 0
100%
126 2 - 1
97%
89 2 - 0
82%
80 1 - 1
75%
70 0 - 0
68%
64 3 - 1
65%
49 3 - 0
61%
39 3 - 2
60%
30 2 - 2
53%
27 4 - 1
49%
No matching quizzes found
Score Distribution
Percent of People with Each Score
Percentile by Number Answered
Your Score History
You have not taken this quiz